La tutoría y la orientación en el siglo XXI: nuevas propuestas
Guardat en:
| Autors principals: | , |
|---|---|
| Format: | Llibre |
| Idioma: | espanyol |
| Publicat: |
Barcelona
Octaedro
2006
|
| Edició: | 1a. ed |
| Col·lecció: | Educación
|
| Matèries: | |
| Etiquetes: |
Afegir etiqueta
Sense etiquetes, Sigues el primer a etiquetar aquest registre!
|
MARC
| LEADER | 00000nam a2200000 a 4500 | ||
|---|---|---|---|
| 001 | UCI0703 | ||
| 003 | CL-VaPUC | ||
| 008 | 070525e20060000SP |||||||||||||||||spa|d | ||
| 020 | |a 8480638087 | ||
| 082 | 0 | 4 | |a 371.394 |b GAL |2 21 |
| 100 | |a Gallego Matas, Sofía |e author |9 520884 | ||
| 700 | 0 | |a Riart i Vendrell, Joan |e author |9 520885 | |
| 245 | 1 | 3 | |a La tutoría y la orientación en el siglo XXI: nuevas propuestas |
| 250 | |a 1a. ed | ||
| 300 | |a 303 p | ||
| 942 | |c BK | ||
| 945 | |d 20070525 00:00:00 |a cmena | ||
| 260 | |a Barcelona |b Octaedro |c 2006 | ||
| 650 | 7 | |a TUTORIA |2 CL-VaPUC |9 335054 | |
| 650 | 0 | |a Métodos de enseñanza |9 270413 | |
| 650 | 7 | |a ENSEÑANZA INDIVIDUALIZADA |2 CL-VaPUC |9 307241 | |
| 650 | 7 | |a ORIENTACION EDUCACIONAL |2 CL-VaPUC |9 312512 | |
| 583 | |a last modification |c 20140404 06:37:48 |k Rodrigo Vera | ||
| 490 | 0 | |a Educación | |
| 999 | |c 325763 |d 325761 | ||
| 952 | |0 0 |1 0 |4 0 |6 371_394000000000000_GAL_2006 |7 0 |8 A |9 407076 |a BIBEDU |b BIBEDU |d 2019-11-22 |i 4343034 |o 371.394 GAL 2006 |p 4343034 |r 2019-11-22 |w 2019-11-22 |y BK |k EFI | ||